Forecasting : methods and applications /

Αποθηκεύτηκε σε:
Λεπτομέρειες βιβλιογραφικής εγγραφής
Κύριος συγγραφέας: Makridakis, Spyros, 1941-
Μορφή: Βιβλίο
Γλώσσα:English
Έκδοση: New York ; Chichester : John Wiley and Sons, 1998.
Έκδοση:3rd ed.
Θέματα:
Ετικέτες: Προσθήκη ετικέτας
Δεν υπάρχουν, Καταχωρήστε ετικέτα πρώτοι!
Thư viện lưu trữ: Mạng thư viện Đại học Đà Nẵng
LEADER 00842cam a2200325 i 4500
001 000045240
003 4411
005 20030226101921.0
008 010220|1998 vm 000 eng
020 |a 0471532339 
040 |a IRC  |c IRC  |d IRC 
041 0 |a eng 
082 1 4 |a 338.5442  |b MA-S 
100 1 |a Makridakis, Spyros,  |d 1941- 
245 0 0 |a Forecasting :  |b methods and applications /  |c Spyros Makridakis. 
250 |a 3rd ed. 
260 |a New York ; Chichester :  |b John Wiley and Sons,  |c 1998. 
300 |a xiv, 642p. 
630 0 4 |a Forecasting. 
650 0 4 |a Forecasting  |x Statistical methods. 
OWN |a DUT 
999 |a From the UDN01 
TYP |a Monograph 
TYP |a Printed language 
980 |a Mạng thư viện Đại học Đà Nẵng